000 00349nam a2200133Ia 4500
008 150202s9999 xx 000 0 und d
020 _a330242245
050 _aFIC
_bFIC
100 _aPlaidy, Jean.
245 _aDaughters of Spain /
_cJean Plaidy.
260 _aLondon :
_bPan Books,
_c1961.
300 _a287 pages :
_c18 cm.
650 _aFiction.
999 _c282334
_d282334